Paroles Je suis un homme - Statistiques

Statistiques générales
  • Ce quiz a été pris 4 958 fois
    4 941 depuis la dernière actualisation
  • Le résultat moyen est 263 sur 331
Statistiques - réponses
Réponse % Correct
homme
100%
Je
100%
je
100%
suis
100%
un
100%
de
99%
en
96%
la
96%
à
94%
Cro-Magnon
94%
rond
94%
tour
94%
tourne
94%
le
93%
des
90%
ma
90%
ou
90%
toute
90%
et
89%
moi
88%
saison
88%
me
85%
poisson
85%
roi
84%
au
83%
Au
83%
cons
83%
singe
83%
Terre
82%
terre
82%
que
79%
Sur
75%
Mais
74%
coeur
73%
vois
73%
l'illusion
72%
Tu
72%
lion
71%
pardonne
70%
guerre
68%
mon
68%
pas
68%
qu'on
68%
du
67%
fond
67%
Dans
65%
dans
65%
fais
65%
maison
63%
Une
63%
une
63%
ce
62%
question
62%
millions
61%
belle
60%
puis
60%
voiture
60%
fait
58%
nature
58%
les
56%
maître
56%
seul
56%
monde
55%
jeu
54%
ai
53%
plein
53%
révolution
53%
salon
53%
feu
52%
brûlée
50%
l'amour
50%
chambre
49%
façon
49%
j'en
49%
C'est
48%
hommes
47%
mesure
47%
est
46%
reculons
46%
comme
44%
d'ambitions
44%
J'avance
44%
l'horreur
44%
avance
43%
mur
43%
pied
43%
erreur
42%
glacée
41%
bon
40%
béton
39%
compte
39%
abandonnent
38%
l'or
38%
prison
38%
négation
37%
consommation
36%
J'ai
36%
Oui
36%
produit
36%
Pur
35%
coulé
34%
l'homme
33%
Pour
33%
cage
31%
Corps
29%
punition
26%
sans
26%
peine
25%
télévision
25%
devant
22%
Assis
21%
raisons
20%
d'autres
18%
Aucun quiz correspondant
Distribution des résultats
% des personnes avec chaque résultat
Percentile par nombre de réponses
Votre historique - résultats
Vous n’avez pas pris ce quiz depuis la dernière actualisation